Znane imiona #9 - Statystyki

Ogólne statystyki
  • Ten quiz został rozwiązany 828 razy
  • Średni wynik to 9 z 14
Statystyki odpowiedzi
Imię Nazwy rodzinne % Poprawnych
Piotr Czajkowski, Żyła, Skarga
94%
Tomasz Frankowski, Gollob, Karolak
86%
Sylwia Grzeszczak, Jaśkowiec, Juszczak-Krawczyk
81%
Julia Tymoszenko, Kamińska, Roberts
79%
Antoine de Saint-Exupéry, Lavoisier, Griezmann
68%
Christina Ricci, Aguilera, Applegate
68%
Amy Winehouse, Adams, Poehler
67%
Jurij Gagarin, Tepeš, Andropow
67%
Emma Watson, Thompson, Stone
65%
Ronald Reagan, Koeman, de Boer
59%
Michaił Bułhakow, Barysznikow, Gorbaczow
53%
Will Smith, Arnett, Ferrell
46%
Laura Łącz, Samojłowicz, Dern, Pausini
38%
Olivia Newton-John, Wilde, de Havilland
30%
Nie znaleziono quizów pasujących do podanych kryteriów
Rozkład punktacji
Procent ludzi z każdym wynikiem
Percentyl według liczby udzielonych odpowiedzi
Twoja historia wyników
Nie rozwiązałeś tego quizu